Once inicial del PES United - Estadísticas

Estadísticas generales
  • Esta prueba ha sido intentada 12 veces
  • La puntuación promedio es 4 de 11
Estadísticas de respuestas
% Correcto
Castolo
100%
Minanda
55%
Ordaz
36%
Ximelez
36%
Espimas
27%
Ivarov
27%
Dodo
18%
Iouga
18%
Jaric
18%
Stremer
18%
Valeny
18%
No se encontraron pruebas coincidentes
Distribución de puntuación
Porcentaje de gente con cada puntuación
Porcentaje por número respondido
Historial de tus puntuaciones
No has intentado esta prueba.